MARC details
| 000 -CABECERA |
| campo de control de longitud fija |
01026nam a2200241 a 4500 |
| 005 - FECHA Y HORA DE LA ÚLTIMA TRANSACCIÓN |
| campo de control |
20210219160305.0 |
| 008 - ELEMENTOS DE LONGITUD FIJA--INFORMACIÓN GENERAL |
| campo de control de longitud fija |
081007s1994 mx r 000 0 spa d |
| 035 ## - NÚMERO DE CONTROL DEL SISTEMA |
| Número de control de sistema |
UPN01000162540 |
| 049 ## - COLECCIÓN |
| Colección |
UNE |
| 080 ## - NÚMERO DE CLASIFICACIÓN DECIMAL UNIVERSAL |
| Número de la Clasificación Decimal Universal |
37.017.7 (87) "1994" EDU. |
| 245 00 - MENCIÓN DE TÍTULO |
| Título |
Educación para la comprensión internacional : |
| Resto del título |
el caso de Venezuela / |
| Mención de responsabilidad, etc. |
coord. por Carmen García Guadilla, Flérida Rengifo, Gregorio Castro. |
| 260 ## - PUBLICACIÓN, DISTRIBUCIÓN, ETC. |
| Lugar de publicación, distribución, etc. |
Ginebra :: |
| Nombre del editor, distribuidor, etc. |
OEI ; |
| Lugar de publicación, distribución, etc. |
París : |
| Nombre del editor, distribuidor, etc. |
UNESCO, |
| Fecha de publicación, distribución, etc. |
1994. |
| 300 ## - DESCRIPCIÓN FÍSICA |
| Extensión |
31 p. : |
| Otras características físicas |
il. |
| 500 ## - NOTA GENERAL |
| Nota general |
Este estudio fue preprarado para la Oficina Internacional de Educación como una contribución a la cuarenta y cuatrogésima reunión de la Conferencia Internacional de Educación |
| 500 ## - NOTA GENERAL |
| Nota general |
Incluye bibliografía |
| 690 ## - PUNTO DE ACCESO ADICIONAL DE MATERIA LOCAL--TÉRMINO DE MATERIA (OCLC, RLIN) |
| Término de materia o nombre geográfico como elemento inicial |
Comprensión internacional - Venezuela |
| 690 ## - PUNTO DE ACCESO ADICIONAL DE MATERIA LOCAL--TÉRMINO DE MATERIA (OCLC, RLIN) |
| Término de materia o nombre geográfico como elemento inicial |
Educación para la paz - Venezuela |
| 690 ## - PUNTO DE ACCESO ADICIONAL DE MATERIA LOCAL--TÉRMINO DE MATERIA (OCLC, RLIN) |
| Término de materia o nombre geográfico como elemento inicial |
Venezuela - Educación para la paz |
| 700 1# - ASIENTO SECUNDARIO--NOMBRE DE PERSONAL |
| Nombre de persona |
García Gaudilla, Carmen, |
| Término indicativo de función/relación |
coord. |
| 710 2# - ASIENTO SECUNDARIO - NOMBRE CORPORATIVO |
| Nombre de entidad corporativa o nombre de jurisdicción como elemento de entrada |
UNESCO |
| 710 2# - ASIENTO SECUNDARIO - NOMBRE CORPORATIVO |
| Nombre de entidad corporativa o nombre de jurisdicción como elemento de entrada |
OIE. |
| Unidad subordinada |
Oficina Internacional de Educación |
| 905 ## - TIPO DE MATERIAL |
| Tipo de material |
UNESCO |